Natural : Emplear materiales nobles y procedimientos saludables para decorar en armonía con nuestro entorno (Registro nro. 2578)
[ vista simple ]
| 000 -LEADER | |
|---|---|
| fixed length control field | 00812nam a2200205Ia 4500 |
| 005 - DATE AND TIME OF LATEST TRANSACTION | |
| control field | 20251020182546.0 |
| 008 - FIXED-LENGTH DATA ELEMENTS--GENERAL INFORMATION | |
| fixed length control field | 200515s9999 xx 000 0 und d |
| 082 ## - DEWEY DECIMAL CLASSIFICATION NUMBER | |
| Classification number | 747:730.48/H21 |
| 100 ## - MAIN ENTRY--PERSONAL NAME | |
| Personal name | HANAN, Ali NORRIS, Pip |
| 245 #0 - TITLE STATEMENT | |
| Title | Natural : Emplear materiales nobles y procedimientos saludables para decorar en armonía con nuestro entorno |
| 260 ## - PUBLICATION, DISTRIBUTION, ETC. | |
| Place of publication, distribution, etc. | Pekín |
| 260 ## - PUBLICATION, DISTRIBUTION, ETC. | |
| Date of publication, distribution, etc. | 2001 |
| 300 ## - PHYSICAL DESCRIPTION | |
| Extent | 144 |
| 520 ## - SUMMARY, ETC. | |
| Summary, etc. | Demuestra como integrar los principios naturales en el hogar, ya sea que prefiera el toque elegante urbano, la comodidad rústica o bien el minimalismo monocromático. Dividido en aspectos decorativos específicos -paredes, suelos, muebles, tejidos- para dis |
| 650 ## - SUBJECT ADDED ENTRY--TOPICAL TERM | |
| Topical term or geographic name entry element | DECORACION |
| 650 ## - SUBJECT ADDED ENTRY--TOPICAL TERM | |
| Topical term or geographic name entry element | DECORACION DE INTERIORES |
| 650 ## - SUBJECT ADDED ENTRY--TOPICAL TERM | |
| Topical term or geographic name entry element | DECORACION NATURAL |
| 650 ## - SUBJECT ADDED ENTRY--TOPICAL TERM | |
| Topical term or geographic name entry element | LIB |
| 942 ## - ADDED ENTRY ELEMENTS (KOHA) | |
| Koha item type | Libros |
| Fecha de la última vez que lo usaron | Pago total | Signatura topográfica completa | Código de barras | Precio efectivo desde | Tipo de documento | Estado perdido | Estado dañado | No es para préstamo | Retirado | Ubicación permanente | Ubicación actual | Fecha de adquisición |
|---|---|---|---|---|---|---|---|---|---|---|---|---|
| 15/05/2020 | 747:730.48/H21 | Bib-Lima15052578 | 15/05/2020 | Libros | Biblioteca Central Lima | Biblioteca Central Lima | 15/05/2020 |